000 01043cam a2200301 a 4500
001 12006346
005 20150415103825.0
006 000
007 000
008 000
010 _a 00304342
020 _a0748743782
040 _aUOEL
_cDLC
_dDLC
050 0 0 _aQD553
_b.C92 1994
082 0 0 _a541.3/7
_221
100 1 _aCrow, D. R.
_q(David Richard)
245 1 0 _aPrinciples and applications of electrochemistry /
_cD.R. Crow.
250 _a4th ed.
260 _aCheltenham, U.K. :
_bS. Thornes,
_cc1998.
300 _axi, 282 p. :
_bill. ;
_c24 cm.
500 _aOriginally published: London ; New York : Chapman and Hall, 1994.
504 _aIncludes bibliographical references (p. [256]-258) and index.
650 0 _aElectrochemistry.
856 4 2 _3Publisher description
_uhttp://www.loc.gov/catdir/enhancements/fy0745/00304342-d.html
906 _a7
_bcbc
_corigcop
_d2
_encip
_f20
_gy-gencatlg
942 _2lcc
_cLL
999 _c5006
_d5006